ARRUPE JESUIT UNIVERSITY

CORONAVIRUS -STOP THE SPREAD - CLEAN,DISINFECT,COVER

Nietzsche, Epistemology, and Philosophy of Science (Record no. 123307)

MARC details
000 -LEADER
fixed length control field 00846nam a22002057a 4500
008 - FIXED-LENGTH DATA ELEMENTS--GENERAL INFORMATION
fixed length control field 150909b xxu||||| |||| 00| 0 eng d
020 ## - INTERNATIONAL STANDARD BOOK NUMBER
International Standard Book Number 9780792357438
050 ## - LIBRARY OF CONGRESS CALL NUMBER
Classification number SPCH3.B114
245 ## - TITLE STATEMENT
Title Nietzsche, Epistemology, and Philosophy of Science
Remainder of title Nietzsche and the sciences 2
Statement of responsibility, etc edited by Babette Babich and Robert S. Cohen
260 ## - PUBLICATION, DISTRIBUTION, ETC. (IMPRINT)
Place of publication, distribution, etc Dordrecht
Name of publisher, distributor, etc Kluwer Academic Publishers
Date of publication, distribution, etc 1999
300 ## - PHYSICAL DESCRIPTION
Extent xvii, 371p. ;
Dimensions 25cm.
440 ## - SERIES STATEMENT/ADDED ENTRY--TITLE
Title Boston studies in the Philosophy of Science
Number of part/section of a work 204
9 (RLIN) 19536
500 ## - GENERAL NOTE
General note Heelan, Patrick A. Nietzsche's perspectivalism: a hermeneutic philosophy of science p. 203-220
600 ## - SUBJECT ADDED ENTRY--PERSONAL NAME
Personal name Nietzsche, Friedrich Wilhelm
9 (RLIN) 19537
650 ## - SUBJECT ADDED ENTRY--TOPICAL TERM
Topical term or geographic name as entry element Knowledge, Theory of
9 (RLIN) 19538
650 ## - SUBJECT ADDED ENTRY--TOPICAL TERM
Topical term or geographic name as entry element Science
General subdivision Philosophy
9 (RLIN) 19539
700 ## - ADDED ENTRY--PERSONAL NAME
Personal name Babich, Babette E
Relator term ed.
9 (RLIN) 19724
700 ## - ADDED ENTRY--PERSONAL NAME
Personal name Cohen, Robert, S
Relator term ed.
9 (RLIN) 19725
942 ## - ADDED ENTRY ELEMENTS (KOHA)
Source of classification or shelving scheme Library of Congress Classification
Item type SPC
Holdings
Withdrawn status Lost status Source of classification or shelving scheme Damaged status Not for loan Collection code Home library Current library Shelving location Date acquired Total Checkouts Full call number Barcode Date last seen Price effective from Koha item type
    Library of Congress Classification     SPECIAL Collection ARRUPE LIBRARY ARRUPE LIBRARY Reference 09/09/2015   SPCH3.B114 46500003917 09/09/2015 09/09/2015 SPC

 

Arrupe Library. PO Box MP320 Mt Pleasant, Harare, Zimbabwe
263 242 745411|librarian@aju.ac.zw